000 00279nam a22001217a 4500
008 171124b xxu||||| |||| 00| 0 eng d
041 _aeng
080 _a32
100 _a19
101 _aSHP
245 _aBLACKS IN THE WHITE ESTABLISHMENT?
_cZWEUGENHAFT, R.L
942 _2udc
_cBK
999 _c38496
_d38496